MyGZULibrary

Food policy and agriculture in southern Africa / (Record no. 1664)

MARC details
000 -LEADER
fixed length control field 01423nam a2200361 a 4500
001 - CONTROL NUMBER
control field 4902257
003 - CONTROL NUMBER IDENTIFIER
control field GZU
005 - DATE AND TIME OF LATEST TRANSACTION
control field 20201021100645.0
008 - FIXED-LENGTH DATA ELEMENTS--GENERAL INFORMATION
fixed length control field 940429s1993 rh a b 101 0 eng
010 ## - LIBRARY OF CONGRESS CONTROL NUMBER
LC control number 93849432
020 ## - INTERNATIONAL STANDARD BOOK NUMBER
International Standard Book Number 0797412255
040 ## - CATALOGING SOURCE
Original cataloging agency DLC
Transcribing agency DLC
042 ## - AUTHENTICATION CODE
Authentication code lcode
043 ## - GEOGRAPHIC AREA CODE
Geographic area code fs-----
050 00 - LIBRARY OF CONGRESS CALL NUMBER
Classification number HD2130
Item number .FOO 1993
245 00 - TITLE STATEMENT
Title Food policy and agriculture in southern Africa /
Statement of responsibility, etc. Richard Mkandawire and Khabele Matlosa (editors).
Medium Book
260 ## - PUBLICATION, DISTRIBUTION, ETC.
Place of publication, distribution, etc. Harare :
Name of publisher, distributor, etc. SAPES Books,
Date of publication, distribution, etc. 1993.
300 ## - PHYSICAL DESCRIPTION
Extent x, 250 p. :
Other physical details ill. ;
Dimensions 21 cm.
440 #0 - SERIES STATEMENT/ADDED ENTRY--TITLE
Title Regional cooperation series
500 ## - GENERAL NOTE
General note "The papers were presented at the Gaborone Conference, October 8-11 1991, on Regional Cooperation and Integration"--Acknowledgements.
500 ## - GENERAL NOTE
General note "SAPES Trust"--P. [4] of cover.
504 ## - BIBLIOGRAPHY, ETC. NOTE
Bibliography, etc. note Includes bibliographical references and indexes.
650 #0 - SUBJECT ADDED ENTRY--TOPICAL TERM
Topical term or geographic name entry element Agriculture and state
Geographic subdivision Africa, Southern
General subdivision Congresses.
650 #0 - SUBJECT ADDED ENTRY--TOPICAL TERM
Topical term or geographic name entry element Food supply
General subdivision Government policy
Geographic subdivision Africa, Southern
General subdivision Congresses.
650 #0 - SUBJECT ADDED ENTRY--TOPICAL TERM
Topical term or geographic name entry element African cooperation
General subdivision Congresses.
700 1# - ADDED ENTRY--PERSONAL NAME
Personal name Mkandawire, Richard.
700 1# - ADDED ENTRY--PERSONAL NAME
Personal name Matlosa, K. T.
710 2# - ADDED ENTRY--CORPORATE NAME
Corporate name or jurisdiction name as entry element SAPES Trust.
711 2# - ADDED ENTRY--MEETING NAME
Meeting name or jurisdiction name as entry element Conference on Regional Cooperation and Integration
Date of meeting or treaty signing (1991 :
Location of meeting Gaborone, Botswana)
906 ## - LOCAL DATA ELEMENT F, LDF (RLIN)
a 7
b cbc
c origode
d 3
e ncip
f 19
g y-gencatlg
942 ## - ADDED ENTRY ELEMENTS (KOHA)
Source of classification or shelving scheme Library of Congress Classification
Koha item type Books
Classification part 2130
Item part FOO
Call number prefix HD
Holdings
Withdrawn status Lost status Damaged status Not for loan Collection code Home library Current library Shelving location Date acquired Total Checkouts Full call number Barcode Date last seen Copy number Price effective from Koha item type Source of classification or shelving scheme
        Non-fiction City Campus Library City Campus Library General Stacks 10/21/2020   HD 2130 FOO 1993 004008 10/21/2020 c.1 10/21/2020 Books  
        Non-fiction City Campus Library City Campus Library General Stacks 10/21/2020   HD 2130 FOO 1993 006463 10/21/2020 c.2 10/21/2020 Books  
        Non-fiction City Campus Library City Campus Library General Stacks 10/21/2020   HD 2130 FOO 1993 006468 10/21/2020 c.3 10/21/2020 Books  
        Non-fiction City Campus Library City Campus Library General Stacks 10/21/2020   HD 2130 FOO 1993 004020 10/21/2020 c.4 10/21/2020 Books  
        Non-fiction City Campus Library City Campus Library General Stacks 10/21/2020   HD 2130 FOO 1993 006464 10/21/2020 c.5 10/21/2020 Books  
        Non-fiction City Campus Library City Campus Library General Stacks 10/21/2020   HD 2130 FOO 1993 008425 10/21/2020 c.6 10/21/2020 Books  
        Non-fiction City Campus Library City Campus Library General Stacks 10/21/2020   HD 2130 FOO 1993 004014 10/21/2020 c.7 10/21/2020 Books  
        Non-fiction City Campus Library City Campus Library General Stacks 10/26/2020   HD 2130MKA 1993 G20726 10/26/2020 c.8 10/26/2020 Books  
        Non-fiction Mashava Campus Library Mashava Campus Library General Stacks 05/04/2021   HD 2130 MKA 1993 006419 05/04/2021 c.9 05/04/2021 Books Library of Congress Classification
        Non-fiction Mashava Campus Library Mashava Campus Library General Stacks 05/04/2021   HD 2130 MKA 1993 006418 05/04/2021 c.10 05/04/2021 Books Library of Congress Classification